000 00963nam a2200277 a 4500
001 BRL_1208
005 20190320211102.0
008 281113s1984----fr-a######---#000-0#fre-#
020 _a222602171X
041 _afre
044 _afr
050 4 _aDC707
_b.B43 1984
100 1 _aBeaumont-Maillet, Laure
_926122
245 1 0 _aParis Inconnu
_cLaure Beaumont-Maillet.
260 _aParis
_bAlbin Michel
_c1984
300 _a[100] p.
_bil. (algunas a color)
_c30 cm.
440 0 _aLes Albums du Cabinet des estampes de la Bibliothèque nationale
_926123
500 _aAu1384
500 _aIncluye índice de nombres de lugares, monumentos y artistas.
650 1 4 _aArquitectura
_vObras pictóricas
_zParis (Francia)
_926124
651 4 _aParis (Francia)
_vObras pictóricas
_926125
651 4 _aParis (Francia)
_vEn el arte
_926126
651 4 _aParis (Francia)
_vObras pictóricas
_xConstrucciones, estructuras, etc.
_926127
902 _aGRL
942 _2lcc
_cB
999 _c10020
_d10020